Manual de anatomía patológica general y fundamentos de bacteriología / (Record no. 124049)

MARC details
000 -LEADER
campo de control de longitud fija 00677nam a2200205 4500
001 - NÚMERO DE CONTROL
campo de control 124049
003 - IDENTIFICADOR DE NÚMERO DE CONTROL
campo de control ES-MaACL
005 - FECHA Y HORA DE LA ÚLTIMA TRANSACCIÓN
campo de control 20231220202825.0
007 - CAMPO FIJO DE DESCRIPCIÓN FÍSICA--INFORMACIÓN GENERAL
campo de control de longitud fija t|
008 - DATOS DE LONGITUD FIJA--INFORMACIÓN GENERAL
campo de control de longitud fija 070214s1905 sp r ||||1| spa d
100 1# - ENTRADA PRINCIPAL--NOMBRE DE PERSONA
Nombre de persona Ramón y Cajal, Santiago,
Fechas asociadas al nombre 1852-1934
9 (RLIN) 226468
245 10 - MENCIÓN DEL TÍTULO
Título Manual de anatomía patológica general y fundamentos de bacteriología /
Mención de responsabilidad, etc. por S. Ramón y Cajal.
250 ## - MENCION DE EDICION
Mención de edición 4ª ed., corr. y aum.
260 ## - PUBLICACIÓN, DISTRIBUCIÓN, ETC.
Lugar de publicación, distribución, etc. Madrid :
Nombre del editor, distribuidor, etc. [s. n.],
Fecha de publicación, distribución, etc. 1905 (
Fabricante Imp. de Nicolás Moya)
300 ## - DESCRIPCIÓN FÍSICA
Extensión 560 p. :
Otras características físicas il. ;
Dimensiones 25 cm.
650 #4 - PUNTO DE ACCESO ADICIONAL DE MATERIA--TÉRMINO DE MATERIA
Término de materia o nombre geográfico como elemento de entrada Anatomía patológica.
9 (RLIN) 9806
650 #4 - PUNTO DE ACCESO ADICIONAL DE MATERIA--TÉRMINO DE MATERIA
Término de materia o nombre geográfico como elemento de entrada Bacteriología médica.
9 (RLIN) 165460
852 ## - LOCALIZACIÓN
Ubicación ES-MaACL
Número de control de estantería B-11358
Holdings
Estatus retirado Estado de pérdida Estado de daño No para préstamo Biblioteca de origen Biblioteca actual Ubicación en estantería Fecha de adquisición Fuente de adquisición Total de préstamos Signatura topográfica completa Código de barras Visto por última vez Precio de reemplazo Tipo de ítem Koha
        Biblioteca del Ateneo de Madrid Biblioteca del Ateneo de Madrid Sala Pardo Bazán 17/01/2008     B-11358 1129237 23/02/2023 23/02/2023 Libro impreso